[Event "IECC KO email"]
[Site "IECC email"]
[Date "2000.12.21"]
[Round "?"]
[White "Ouellet, Philippe"]
[Black "Arnold, Lee"]
[Result "1-0"]
[WhiteElo "1821"]
[BlackElo "1837"]
[PlyCount "68"]
[EventDate "2000.??.??"]
[EventType "tourn (corr)"]
[EventRounds "6"]
[SourceTitle "Corr 2008"]
[Source "ChessBase"]
[SourceDate "2008.06.24"]
[SourceVersion "1"]
[SourceVersionDate "2008.06.24"]
[SourceQuality "1"]

1. e4 e5 2. Nc3 Nf6 3. f4 d5 4. fxe5 Nxe4 5. Nxe4 dxe4 6. d4 Be7 7. Be3 0-0 8. Qd2 Nc6 9. Bc4 Bg4 10. c3 Na5 11. Be2 Be6 12. b3 Bxb3 13. axb3 Nxb3 14. Qd1 Nxa1 15. Nh3 Bh4+ 16. g3 Be7 17. 0-0 Qd7 18. Bg4 Qd5 19. Qxa1 a5 20. Nf4 Qc6 21. d5 Qh6 22. Bf5 Qg5 23. Ng2 Qh5 24. g4 Qh3 25. Qd1 g6 26. Bxe4 Rad8 27. Bf5 gxf5 28. Rf3 Qxg4 29. Rg3 Qxg3 30. hxg3 Rfe8 31. c4 Bf8 32. Bg5 Bc5+ 33. Kh2 Be7 34. Qh5 h6 1-0

[Event "IECC P email"]
[Site "IECC email"]
[Date "1998.06.20"]
[Round "?"]
[White "Ouellet, Philippe"]
[Black "Newman, Nelson"]
[Result "1-0"]
[WhiteElo "1700"]
[BlackElo "1974"]
[PlyCount "83"]
[EventDate "1998.??.??"]
[EventType "tourn (corr)"]
[EventRounds "6"]
[SourceTitle "Corr 2008"]
[Source "ChessBase"]
[SourceDate "2008.06.24"]
[SourceVersion "1"]
[SourceVersionDate "2008.06.24"]
[SourceQuality "1"]

1. d4 d5 2. Bf4 c5 3. e3 Nc6 4. c3 Nf6 5. Nd2 Bf5 6. Ngf3 e6 7. Qb3 Qc8 8. dxc5 Bxc5 9. Qa4 0-0 10. h3 a6 11. g4 b5 12. Qd1 Be4 13. Bg2 Rd8 14. 0-0 Ra7 15. Nb3 Bb6 16. Bg5 e5 17. Bxf6 gxf6 18. Nh4 Ne7 19. Bxe4 dxe4 20. Qc2 Qc4 21. Rad1 Rad7 22. Rxd7 Rxd7 23. Rd1 Rd3 24. Nc1 Rxd1+ 25. Qxd1 Qe6 26. a4 Bc7 27. axb5 axb5 28. Ne2 f5 29. Ng3 f4 30. Nxe4 fxe3 31. fxe3 Qh6 32. Ng2 Bb6 33. Kf2 Qc6 34. Qd6 Qxd6 35. Nxd6 b4 36. cxb4 Nd5 37. Nc4 Bc7 38. b5 Kf8 39. Kf3 Ke7 40. e4 Nb4 41. Nge3 Kd7 42. Nd5 1-0